| Tag |
First Indicator |
Second Indicator |
Subfields |
| LEADER |
00000cam a22000004a 4500 |
| 001 |
in00003388821 |
| 006 |
m d |
| 007 |
cr |||||||nn|n |
| 008 |
011227s2002 txu o d eng d |
| 005 |
20260608204853.6 |
| 010 |
|
|
|z 2001008557
|
| 020 |
|
|
|a 9780292789340
|
| 020 |
|
|
|a 0292789343
|
| 020 |
|
|
|z 0292716168 (alk. paper)
|
| 020 |
|
|
|z 9780292716162
|
| 035 |
|
|
|a (MdBmJHUP)muse9780292789340
|
| 040 |
|
|
|a MdBmJHUP
|c MdBmJHUP
|d UtOrBLW
|
| 043 |
|
|
|a s-bl---
|
| 050 |
0 |
0 |
|a F2538.P4784
|b D85 2002
|
| 082 |
0 |
0 |
|a 981.06/1/092
|2 21
|
| 100 |
1 |
|
|a Dulles, John Watson Foster,
|d 1913-2008.
|
| 245 |
1 |
0 |
|a Sobral Pinto, "the conscience of Brazil" :
|b leading the attack against Vargas (1930-1945) /
|c John W.F. Dulles.
|
| 250 |
|
|
|a 1st ed.
|
| 264 |
|
1 |
|a Austin :
|b University of Texas Press,
|c 2002.
|
| 300 |
|
|
|a 1 online resource (xvi, 377 pages, 17 unnumbered pages of plates :) :
|b illustrations
|
| 336 |
|
|
|a text
|b txt
|2 rdacontent
|
| 337 |
|
|
|a computer
|b c
|2 rdamedia
|
| 338 |
|
|
|a online resource
|b cr
|2 rdacarrier
|
| 504 |
|
|
|a Includes bibliographical references and index.
|
| 588 |
|
|
|a Description based on print version record.
|
| 500 |
|
|
|a Electronic resource.
|
| 600 |
1 |
0 |
|a Vargas, Getúlio,
|d 1883-1954.
|
| 600 |
1 |
0 |
|a Pinto, Heráclito Sobral,
|d 1893-1991.
|
| 651 |
|
0 |
|a Brazil
|x Politics and government
|y 1930-1945.
|
| 655 |
|
7 |
|a Electronic books.
|2 local
|
| 856 |
4 |
0 |
|u http://proxy.library.tamu.edu/login?url=https://muse.jhu.edu/books/9780292789340/
|z Connect to the full text of this electronic book
|t 0
|
| 999 |
|
|
|a MARS
|
| 999 |
f |
f |
|s 4e780e0f-de06-310e-9054-524b622ba707
|i 46f9df54-d722-3103-89f9-81b4116c3bc4
|t 0
|
| 952 |
f |
f |
|a Texas A&M University
|b College Station
|c Electronic Resources
|s www_evans
|d Available Online
|t 0
|e F2538.P4784 D85 2002
|h Library of Congress classification
|
| 998 |
f |
f |
|a F2538.P4784 D85 2002
|t 0
|l Available Online
|